000 00935nam a22003017a 4500
001 5445
003 FISKH
005 20241206143004.0
008 241206b cb ||||| |||| 00| 0 eng d
020 _a9780763662615
040 _aFISKH
_beng
_cFISKH
_dFISKH
050 _aPZ7.S3315
082 _a813.6
100 _aSchaefer, Lexa Carole
245 _aMonkey and Elephant /
_cCarole Lexa Schaefer illustrated by Galia Bernstein
250 _aFirst paperback edition in 2013
260 _aDongguan :
_bCandlewick,
_c2013.
300 _a42 pages :
_bcolor illustrations ;
_c23 cm
505 _aG
520 _aIn three episodes two friends cool off on a hot day, sing songs, and outsmart some riffraff wildcats.
521 8 _a420L
_bLexile
521 8 _aG
_bRaz-Plus
650 _2Animals
_aBalance
650 _2Elephants
_aMonkey
700 _aBernstein, Galia
_dIllustrator
942 _2ddc
_cBK
_n0
999 _c5445
_d5445